Beer Brands - Sudden Death - Statistics

General Stats
  • This quiz has been taken 563 times
  • The average score is 13 of 20
Answers on the Grid
Answers color-coded by a green-red scale on the quiz's grid according to % correct below.
Fanta
Jim Beam
Mountain Dew
Glenfiddich
San Miguel
Disaronno
Kool-Aid
Carlsberg
Asahi
Calpol
Red Stripe
Guinness
Corona
7-Up
Irn Bru
Kingfisher
Blue Moon
Mythos
Buckfast
Sprite
Stella Artois
Kronenbourg
Pepsi
Heineken
Rubicon
Miller Lite
Grey Goose
Peroni
Beck's
Talisker
Red Bull
Foster's
Tiger
Tanqueray
Coors
Gaviscon
Leffe
Sipsmith's
Budweiser
Absolut
 
Answer Stats
Answer % Correct
Corona
91%
Budweiser
86%
Guinness
86%
Heineken
86%
Stella Artois
84%
Carlsberg
70%
Coors
70%
Miller Lite
69%
Blue Moon
63%
San Miguel
63%
Beck's
62%
Kronenbourg
61%
Peroni
59%
Asahi
57%
Foster's
54%
Red Stripe
54%
Leffe
48%
Kingfisher
44%
Tiger
33%
Mythos
32%
No matching quizzes found
Score Distribution
Percent of People with Each Score
Percentile by Number Answered
Your Score History
You have not taken this quiz